| 000 | 01179nac a22002771u 4500 | ||
|---|---|---|---|
| 010 | _a 94023956 | ||
| 020 | _a0471944548 (cased) | ||
| 082 | 0 | 0 |
_a616.86 _bD7952 |
| 090 |
_c4494 _d4494 |
||
| 100 | _aDrummond, D.Colin [ed. | ||
| 245 | 0 | 0 |
_aAddictive behaviour : _bcue exposure theory and practice / _cedited by D. Colin Drummond ... [et al.] ; with a foreword by G. Alan Marlatt. |
| 260 |
_aChichester ; _aNew York : _bWiley, _cc1995. |
||
| 300 |
_axix, 248 p. : _bill. ; _c24 cm. |
||
| 440 | 4 | _aThe Wiley series in clinical psychology | |
| 504 | _aIncludes bibliographical references and indexes. | ||
| 650 | 0 | _aSubstance abuse. | |
| 650 | 0 |
_aSubstance Dependence _xpsychology. |
|
| 650 | 0 |
_aSubstance Dependence _xtherapy. |
|
| 650 | 0 | _aBehavior, Addictive. | |
| 650 | 0 | _aCues. | |
| 700 | 1 | _aDrummond, D. Colin. | |
| 856 | 4 | 2 |
_3Publisher description _uhttp://www.loc.gov/catdir/description/wiley034/94023956.html |
| 856 | 4 | 2 |
_3Table of Contents _uhttp://www.loc.gov/catdir/toc/onix05/94023956.html |
| 942 |
_cBB _k616.86D7952 |
||
| 999 |
_c4494 _d4494 |
||